000 01398nam a2200265Ia 4500
999 _c40520
_d40520
001 7131
003 GE_BSU
005 20230922114550.0
008 181216s2012||||ge |||||||||||||| ||geo||
020 _a9789941194610
040 _cGE_BSU
041 _ageo
080 _a821.353.1-3 გ-85
100 _aგრიშაშვილი, იოსებ
_96813
245 _aძველი ტფილისის ლიტერატურული ბოჰემა :
_bტ.3 პროზა /
_cიოსებ გრიშაშვილი ; სარედ. ჯგუფი : ზურაბ აბაშიძე, მანანა ჯანელიძე, ირმა ხარშილაძე.
264 _aთბილისი :
_bპალიტრა L,
_c2012.
300 _a376 გვ. ;
_bფოტო-პორტრეტი გარეკანზე,
_c20 სმ.
490 _aჩემი რჩეული
_vტ 40
_xISSN 2233-3037
541 _h8ლ.
653 _aქართული ლიტერატურის ისტორია და კრიტიკა
653 _aთბილისური ყოფა და ტრადიციები
653 _aთბილისის ისტორია
653 _aძველი ტფილისის ლიტერატურული ბოჰემა
942 _cBK
_2udc